000 00372 a2200109 4500
001 ART_2328
005 20260410161725.0
008 260409a
245 1 0 _aEsquema para el análisis de la rentabilidad de entidades financieras
100 1 _aCousido, Pablo Guillermo
773 0 _tAdministración de empresas
_g- Año XVII, Nº 195 (jun. 1986)
_wREV2036
999 _c17297
_d17297